Heartstopper : 4 /

En el cuarto libro de la saga, Charlie y Nick no solo son novios, sino que Charlie cree estar listo para declararle su amor. Y Nick siente lo mismo, pero... tiene tantas cosas en la cabeza. Salir del clóset con su papá y el hecho de que Charlie quizá tenga un desorden alimenticio. Cuando el verano s...

Descripción completa

Guardado en:
Autor Principal: Oseman, Alice.
Otros Autores: Corbetto, Melisa; trad.
Formato: Objeto Físico
Idioma:Spanish
Publicado: Buenos Aires : V&R, 2023.
Edición:1a ed.
Series:Colección ESI / Dirección de Educación Sexual Integral
Materias:
ESI
Acceso en línea:Clic aquí para acceder a las orientaciones pedagógicas para trabajar este material.
Etiquetas: Agregar Etiqueta
Sin Etiquetas, Sea el primero en etiquetar este registro!
LEADER 01732nrm a22003375a 4500
001 CEM.cems024704
008 250619s2023####ag#---############vlspa#d
005 20250717080003.0
245 1 0 |a Heartstopper :  |b 4 /  |c Alice Oseman. 
250 |a 1a ed. 
260 |a Buenos Aires :  |b V&R,  |c 2023. 
300 |a 384 p. 
490 1 |a Colección ESI / Dirección de Educación Sexual Integral 
500 |a Colección de la Dirección General de Cultura y Educación del Gobierno de la Provincia de Buenos Aires. 
520 |a En el cuarto libro de la saga, Charlie y Nick no solo son novios, sino que Charlie cree estar listo para declararle su amor. Y Nick siente lo mismo, pero... tiene tantas cosas en la cabeza. Salir del clóset con su papá y el hecho de que Charlie quizá tenga un desorden alimenticio. Cuando el verano se vuelva otoño y un nuevo año escolar comience, Nick y Charlie aprenderán lo que significa realmente amar. 
020 |a 9789877477474 
100 1 |a Oseman, Alice. 
700 1 |a Corbetto, Melisa; trad. 
653 |a ESI 
653 |a Educación Sexual Integral 
653 |a Literatura británica 
653 |a Literatura juvenil 
653 |a Historieta 
653 |a Novela gráfica 
653 |a Juventud 
653 |a Adolescencia 
856 |u https://continuemosestudiando.abc.gob.ar/contenido/heartstopper/  |y Clic aquí para acceder a las orientaciones pedagógicas para trabajar este material. 
859 |a CEMS  |b BIB. CEMS - Agricultura  |h 823.9  |i Os2-3  |p A3895.25  |t Ej.1  |3 4 
859 |a CEMS  |b BIB. CEMS - 11 de abril  |h 823.9  |i Os2  |p 29674.24  |t Ej.1  |v 4  |3 4 
859 |a CEMS  |b BIB. CEMS - 11 de abril  |h 823.9  |i Os2  |p 30125.25  |t Ej.2  |3 4 
859 |a CEMS  |b BIB. CEMS - 11 de abril  |h 823.9  |i Os2  |p 30126.25  |t Ej.3  |3 4